Statistics for All 50k+ Cities in Venezuela with a Map

Click here to take the quiz!

General Stats

  • This quiz has been taken 359 times
  • The average score is 23 of 106

Answers on the Map

Answers color-coded by a green-red scale on the quiz's map according to % correct below.
 

Answer Stats

StatePopulationCity% Correct
Distrito Capital2,087,700Caracas
95%
Zulia69,300Santa Cruz de Mara
84%
Zulia2,262,600Maracaibo
80%
Carabobo1,585,500Valencia
77%
Bolívar425,000Ciudad Bolívar
59%
Lara1,089,100Barquisimeto
56%
Anzoátegui454,200Barcelona
54%
Bolívar893,400Ciudad Guayana
53%
Aragua464,700Maracay
53%
Mérida289,800Mérida
47%
Barinas356,800Barinas
43%
Táchira284,600San Cristóbal
36%
Apure166,400San Fernando de Apure
36%
Monagas508,200Maturín
35%
Falcón231,600Coro
33%
Sucre384,900Cumaná
33%
Nueva Esparta126,500Porlamar
32%
Anzoátegui215,800El Tigre
30%
Miranda230,800Los Teques
29%
Anzoátegui299,500Puerto La Cruz
29%
Falcón154,100Punto Fijo
28%
Amazonas116,300Puerto Ayacucho
27%
Yaracuy174,300San Felipe
27%
Zulia299,700Cabimas
25%
Carabobo191,000Puerto Cabello
25%
Portuguesa356,700Acarigua | Araure
24%
Portuguesa175,400Guanare
24%
Miranda180,500Guatire
24%
Miranda441,700Petare
24%
Miranda244,600Guarenas
23%
Cojedes107,100San Carlos de Austria
23%
Delta Amacuro105,600Tucupita
22%
Guárico151,600San Juan de los Morros
21%
Aragua379,500Turmero
21%
Trujillo165,500Valera
21%
Anzoátegui138,700Anaco
20%
Lara113,600Carora
20%
Sucre159,300Carúpano
19%
Zulia153,400Ciudad Ojeda
19%
Lara200,000Cabudare
18%
Guárico155,200Calabozo
18%
Mérida98,900El Vigía
18%
Vargas69,800Maiquetía
18%
Bolívar95,600Upata
18%
Miranda165,600Cúa
17%
Zulia82,300San Carlos del Zulia
17%
Aragua136,400Cagua
16%
Bolívar50,600Caicara del Orinoco
16%
Aragua112,900La Victoria
16%
Falcón113,800Punta Cardón
16%
Táchira50,500San Juan de Colón
16%
Miranda79,900Santa Teresa del Tuy
16%
Guárico136,400Valle de la Pascua
16%
Miranda145,500Charallave
15%
Aragua114,900El Limón
15%
Carabobo196,400Guacara
15%
Carabobo114,800Mariara
15%
Táchira75,800Rubio
15%
Zulia54,600Santa Rita
15%
Táchira109,400Táriba
15%
Mérida116,700Ejido
14%
Zulia75,900La Villa del Rosario
14%
Zulia73,500Machiques
14%
Carabobo67,400Morón
14%
Miranda127,600Ocumare del Tuy
14%
Aragua128,700Palo Negro
14%
Aragua95,200Villa de Cura
14%
Yaracuy100,200Yaritagua
14%
Guárico58,200Zaraza
14%
Apure64,300Biruaca
13%
Lara57,000El Tocuyo
13%
Apure53,800Guasdualito
13%
Carabobo78,700Güigüe
13%
Anzoátegui60,400Puerto Píritu | Píritu
13%
Monagas57,000Punta de Mata
13%
Carabobo68,800San Joaquín
13%
Zulia54,700San Rafael del Moján
13%
Zulia60,400Altagracia
12%
Miranda309,400Baruta
12%
Trujillo59,400Boconó
12%
Vargas141,900Catia La Mar
12%
Miranda79,300Chacao
12%
Yaracuy64,000Chivacoa
12%
Zulia57,300Lagunillas
12%
Miranda78,300San Antonio de los Altos
12%
Barinas53,800Socopó
12%
Cojedes105,200Tinaquillo
12%
Táchira54,100Ureña
12%
Miranda58,100Carrizal
11%
Miranda92,900El Hatillo
11%
Zulia75,100La Concepción
11%
Táchira53,200San Josecito
11%
Nueva Esparta53,100San Juan Bautista
11%
Guárico63,600Altagracia de Orituco
10%
Anzoátegui55,300Cantaura
10%
Vargas51,100Caraballeda
10%
Aragua50,300El Consejo
10%
Miranda126,400Santa Lucía
10%
Carabobo65,900Tacarigua
10%
Anzoátegui81,800San José de Guanipa
9%
Miranda77,300La Dolorita
8%
Miranda75,000Los Dos Caminos
8%
Miranda78,400Caucagüita
7%
Miranda64,500El Cafetal
7%
Nueva Esparta58,200Villa Rosa
7%
Miranda83,500El Cartanal
6%

Score Distribution

Percentile by Number Answered

Percent of People with Each Score

Your Score History

You have not taken this quiz